Ethical issues in modern medicine / (Record no. 2493)
[ view plain ]
| 000 -LEADER | |
|---|---|
| fixed length control field | 00949nam a2200289 a 4500 |
| 003 - CONTROL NUMBER IDENTIFIER | |
| control field | AKMAL |
| 005 - DATE AND TIME OF LATEST TRANSACTION | |
| control field | 20170517081350.0 |
| 008 - FIXED-LENGTH DATA ELEMENTS--GENERAL INFORMATION | |
| fixed length control field | 170517s1983 txu 000 0 eng d |
| 020 ## - INTERNATIONAL STANDARD BOOK NUMBER | |
| International Standard Book Number | 0874845742 |
| 040 ## - CATALOGING SOURCE | |
| Original cataloging agency | AKMAL |
| 082 04 - DEWEY DECIMAL CLASSIFICATION NUMBER | |
| Classification number | 610 ARR |
| 090 ## - LOCALLY ASSIGNED LC-TYPE CALL NUMBER (OCLC); LOCAL CALL NUMBER (RLIN) | |
| Classification number (OCLC) (R) ; Classification number, CALL (RLIN) (NR) | 610 |
| Local cutter number (OCLC) ; Book number/undivided call number, CALL (RLIN) | ARR |
| 245 00 - TITLE STATEMENT | |
| Title | Ethical issues in modern medicine / |
| Statement of responsibility, etc. | [compiled by] John Arras, Robert Hunt ; with a foreword by Robert M. Veatch. |
| 250 ## - EDITION STATEMENT | |
| Edition statement | 2nd ed. / |
| Remainder of edition statement | prepared by John Arras. |
| 260 ## - PUBLICATION, DISTRIBUTION, ETC. | |
| Place of publication, distribution, etc. | Palo Alto, Calif. : |
| Name of publisher, distributor, etc. | Mayfield Pub. Co., |
| Date of publication, distribution, etc. | 1983. |
| 300 ## - PHYSICAL DESCRIPTION | |
| Extent | xix, 574 p. ; |
| Dimensions | 24 cm. |
| 504 ## - BIBLIOGRAPHY, ETC. NOTE | |
| Bibliography, etc. note | Includes bibliographies. |
| 650 #0 - SUBJECT ADDED ENTRY--TOPICAL TERM | |
| Topical term or geographic name entry element | Medical ethics |
| 9 (RLIN) | 5183 |
| 700 1# - ADDED ENTRY--PERSONAL NAME | |
| Personal name | Arras, John. |
| 9 (RLIN) | 5184 |
| 700 1# - ADDED ENTRY--PERSONAL NAME | |
| Personal name | Hunt, Robert, |
| Dates associated with a name | 1937- |
| 9 (RLIN) | 5185 |
| 942 ## - ADDED ENTRY ELEMENTS (KOHA) | |
| Source of classification or shelving scheme | |
| Koha item type | Book |
| Withdrawn status | Lost status | Source of classification or shelving scheme | Damaged status | Not for loan | Collection code | Home library | Current library | Shelving location | Date acquired | Inventory number | Total Checkouts | Full call number | Barcode | Date last seen | Price effective from | Koha item type |
|---|---|---|---|---|---|---|---|---|---|---|---|---|---|---|---|---|
| NON-FICTION | AKMAL Melaka | AKMAL Melaka | PINJAMAN | 17.05.2017 | 601012 | 610 ARR | 201703040 | 17.05.2017 | 17.05.2017 | Book |
